[Event "Santiago Endesa 01"]
[Site "Santiago de Chile"]
[Date "2008.04.16"]
[Round "5"]
[White "Gonzalez Gonzalez, Claudio H"]
[Black "Henriquez Villagra, Cristobal"]
[Result "1-0"]
[WhiteElo "2072"]
[BlackElo "2063"]
[PlyCount "83"]
[EventDate "2008.04.07"]
[EventType "tourn"]
[EventRounds "11"]
[EventCountry "CHI"]
[SourceTitle "EXT 2012"]
[Source "ChessBase"]
[SourceDate "2011.11.24"]
[SourceVersion "1"]
[SourceVersionDate "2011.11.24"]
[SourceQuality "1"]

1. c4 e5 2. Nc3 Nc6 3. g3 Nf6 4. Bg2 d6 5. e3 Be6 6. Nd5 Be7 7. Ne2 0-0 8. d4 exd4 9. Nxd4 Ne5 10. Nxe6 fxe6 11. Nf4 Qd7 12. Bh3 Qc6 13. Bxe6+ Kh8 14. Bd5 Nxd5 15. Qxd5 Qxc4 16. Qxc4 Nxc4 17. Nd5 Bd8 18. Ke2 c6 19. Nf4 Bb6 20. b3 Ne5 21. Ba3 Rf6 22. Rhd1 d5 23. h4 Re8 24. Bb2 Rf7 25. Rac1 Nd7 26. b4 Ne5 27. Bxe5 Rxe5 28. Rxd5 Re8 29. Rd3 g6 30. Rcd1 Ree7 31. h5 g5 32. h6 Rf8 33. Nh3 Rg8 34. Rd7 Re6 35. Rg7 Rxg7 36. hxg7+ Kxg7 37. Nxg5 Re7 38. Nf3 Re4 39. Nd4 Re5 40. Nb3 Re4 41. Rd7+ Kg6 42. a3 1-0

[Event "Santiago Endesa 01"]
[Site "Santiago de Chile"]
[Date "2008.04.11"]
[Round "3"]
[White "Gonzalez Gonzalez, Claudio H"]
[Black "Hernandez Riera, Jose de Jesus"]
[Result "1/2-1/2"]
[WhiteElo "2072"]
[BlackElo "2074"]
[PlyCount "71"]
[EventDate "2008.04.07"]
[EventType "tourn"]
[EventRounds "11"]
[EventCountry "CHI"]
[SourceTitle "EXT 2012"]
[Source "ChessBase"]
[SourceDate "2011.11.24"]
[SourceVersion "1"]
[SourceVersionDate "2011.11.24"]
[SourceQuality "1"]

1. c4 e6 2. Nf3 Nf6 3. d4 d5 4. Nc3 Be7 5. g3 0-0 6. Bg2 c5 7. cxd5 exd5 8. 0-0 Nc6 9. Bg5 cxd4 10. Nxd4 h6 11. Bf4 a6 12. e3 Re8 13. h4 Bf8 14. Nb3 Be6 15. Rc1 Rc8 16. Nd4 Nxd4 17. exd4 b5 18. a3 Qb6 19. Be5 Nd7 20. Nxd5 Rxc1 21. Qxc1 Bxd5 22. Bxd5 Nxe5 23. dxe5 Rxe5 24. Rd1 Re2 25. Rf1 Qd4 26. Qc6 Rxb2 27. Qd7 Qf6 28. a4 b4 29. Qa7 Rd2 30. Bc4 Rd6 31. Re1 Rd8 32. Qxa6 Qxa6 33. Bxa6 Bc5 34. Bc4 Rd2 35. Re2 Rxe2 36. Bxe2 1/2-1/2

[Event "Chambery op 13th"]
[Site "Chambery"]
[Date "2007.07.30"]
[Round "3"]
[White "Gonzalez Gonzalez, Claudio H"]
[Black "Claverie, Christophe"]
[Result "1/2-1/2"]
[WhiteElo "2035"]
[BlackElo "2344"]
[PlyCount "58"]
[EventDate "2007.07.28"]
[EventType "swiss"]
[EventRounds "9"]
[EventCountry "FRA"]
[SourceTitle "CBM 119 Extra"]
[Source "ChessBase"]
[SourceDate "2007.09.04"]
[SourceVersion "1"]
[SourceVersionDate "2007.09.04"]
[SourceQuality "1"]

1. e4 Nc6 2. Nc3 e5 3. f4 Bc5 4. fxe5 Bxg1 5. Rxg1 Nxe5 6. d4 Ng6 7. Qf3 d6 8. Bc4 Be6 9. Bxe6 fxe6 10. Be3 Qd7 11. 0-0-0 N8e7 12. g3 Rf8 13. Qe2 e5 14. d5 a6 15. h4 b5 16. h5 Nh8 17. Rgf1 Rf7 18. Rxf7 Nxf7 19. Rf1 Ng8 20. Qf3 h6 21. g4 Nf6 22. Rg1 Nh7 23. a3 Ke7 24. Bf2 Nfg5 25. Qg2 Rf8 26. Be3 Rf3 27. Bd2 Ke8 28. Re1 Qf7 29. Nd1 Kd7 1/2-1/2

[Event "Santiago Endesa 06"]
[Site "Santiago de Chile"]
[Date "2007.05.07"]
[Round "8"]
[White "Jorquera Cahuin, Marcelo Joaquin"]
[Black "Gonzalez Gonzalez, Claudio H"]
[Result "1-0"]
[WhiteElo "2296"]
[BlackElo "2069"]
[PlyCount "43"]
[EventDate "2007.04.18"]
[EventType "tourn"]
[EventRounds "9"]
[EventCountry "CHI"]
[SourceTitle "EXT 2008"]
[Source "ChessBase"]
[SourceDate "2007.11.25"]
[SourceVersion "1"]
[SourceVersionDate "2007.11.25"]
[SourceQuality "1"]

1. e4 e5 2. Nc3 Bc5 3. Nf3 Nc6 4. Nxe5 Bxf2+ 5. Kxf2 Nxe5 6. d4 Ng6 7. Be2 N8e7 8. h4 d5 9. h5 Nf8 10. h6 gxh6 11. Bxh6 Ne6 12. Bf3 c6 13. Qd2 Qd6 14. Rae1 Bd7 15. exd5 cxd5 16. Bg5 Bc6 17. Bf6 Rg8 18. Be5 Qb4 19. a3 Qb6 20. Rxh7 Qxb2 21. Bd6 Qb6 22. Rxe6 1-0